000 00839cam a2200217 a 4500
001 000001452
005 20200929145601.0
008 090622s1910 sp 001 0 spa
040 _aDO-SdBNP
_bspa
_cBNPHU
082 _a352.4
_bP855e
100 1 _aPosada, Adolfo,
_d1860-1944.
_94820
245 1 0 _aEvolución legislativa del régimen local en España 1812-1909. /
_cAdolfo Posada.
260 _aMadrid :
_bLibrería General de Victoriano Suárez,
_c1910.
300 _a513 p. ;
_c20 cm.
490 1 _aBiblioteca de Derecho y Ciencias Sociales
504 _aIncluye referencias bibliográficas y notas al pie de la páginas
650 4 _aAdministración provincial
_zEspaña
_94821
650 4 _aDerecho municipal
_zEspaña
_94822
650 4 _aCiencia política
_zEspaña
_94823
830 0 _aBiblioteca de Derecho y Ciencias Sociales.
_94824
999 _c1364
_d1364